000 00662nam a2200181 a 4500
001 000048919
005 20240226142544.0
008 190502s2017 dr ab r 000 0 spa d
020 _a9789945855531
040 _aDO-SdBNP
_bspa
_cBNPHU
082 _axxxx
_bV335d
100 1 _aVásquez Jiménez, Richard,
_d1965-
_976356
245 1 0 _aDefensa Nacional :
_buna visión histórica /
_cRichard Vásquez Jiménez ; prólogo José Miguel Soto Jiménez.
260 _aSanto Domingo :
_bFundación Patria Visual,
_c2017.
300 _a518 p. :
_bil., mapa. ;
_c23 cm.
500 _aBibliografía : p. 509-518
700 1 _aSoto Jiménez, José Miguel,
_d1956-
_epról.
_911668
999 _c48407
_d48407